000 00316 a2200145 4500
001 47652
020 _a978-85-08-08789-1
040 _cAnchieta - Aquarius
240 1 0 _aDoces frações
_lpor
245 1 0 _aDoces frações
300 _a23p.
362 0 _a2000
650 4 _aLiteratura infanto-juvenil
942 _cBK
999 _c47652
_d47652